Statistics for Countries That Not Everyone Knows About

Click here to take the quiz!

General Stats

  • This quiz has been taken 41 times
  • The average score is 21 of 29

Answer Stats

Answer% Correct
Tonga
92%
Kiribati
89%
Tuvalu
89%
Marshall Islands
87%
Palau
87%
Nauru
84%
São Tomé and Príncipe
82%
Vanuatu
82%
Brunei
76%
Cape Verde
76%
Comoros
76%
Saint Kitts and Nevis
76%
Samoa
74%
Eswatini
71%
Dominica
68%
Guinea
68%
Lesotho
68%
Micronesia
68%
Suriname
68%
Togo
68%
Guinea-Bissau
66%
The Gambia
66%
Benin
63%
Guyana
63%
Liechtenstein
61%
Moldova
58%
Gabon
55%
Mauritania
50%
Georgia
45%

Score Distribution

Percentile by Number Answered

Percent of People with Each Score

Your Score History

You have not taken this quiz